000
00312 a2200109 4500
001
ART_47598
005
20260410161630.0
008
260409a
245
1
0
_a
RSE: análisis económico, costos y beneficios
100
1
_a
Smolje, Alejandro R.
773
0
_t
Enfoques
_g
- N°9 (sep. 2018)
_w
REV416
999
_c
12407
_d
12407